Μελέτες για τις κοινωνικές τάξεις : ο Ζώρζ Γκυρβίτς και η κοινωνιολογία του
Αποθηκεύτηκε σε:
| Κύριος συγγραφέας: | |
|---|---|
| Άλλοι συγγραφείς: | , |
| Μορφή: | Βιβλίο |
| Γλώσσα: | Greek French |
| Δημοσίευση: |
Αθήνα :
Gutenberg,
1976.
|
| Σειρά: | Κοινωνιολογική & ανθρωπολογική βιβλιοθήκη Gutenberg
|
| Θέματα: | |
| Ετικέτες: |
Προσθήκη ετικέτας
Δεν υπάρχουν, Καταχωρήστε ετικέτα πρώτοι!
|
MARC
| LEADER | 00000cam a2200000 i 4500 | ||
|---|---|---|---|
| 001 | 1/79295 | ||
| 008 | 050623s1976 gr | ||| |||| ||gre|| | ||
| 035 | |l 10078722 | ||
| 040 | |a GR-MY-UA |b gre |e aacr | ||
| 041 | 1 | |a gre |h fre | |
| 082 | 7 | |a 305.5 |2 (22) | |
| 100 | 1 | |a Gurvitch, Georges, |d 1894-1965. | |
| 245 | 1 | 0 | |a Μελέτες για τις κοινωνικές τάξεις : |b ο Ζώρζ Γκυρβίτς και η κοινωνιολογία του / |c Ζώρζ Γκυρβίτς ; επιμέλεια: Δ. Γ. Τσαούση ; μετάφραση: Μ. Λυκούδη. |
| 260 | |a Αθήνα : |b Gutenberg, |c 1976. | ||
| 300 | |a 306 σ. ; |c 20 εκ. | ||
| 490 | 1 | |a (Κοινωνιολογική και ανθρωπολογική βιβλιοθήκη / Gutenberg) | |
| 500 | |a Μετάφραση του: Etudes sur les classes sociales. | ||
| 600 | 1 | 0 | |a Gurvitch, Georges, |d 1894-1965. |
| 650 | 0 | 0 | |a Social classes. |
| 700 | 1 | |a Λυκούδης, Μπάμπης, |e trl [Μεταφραστής] | |
| 700 | 1 | |a Τσαούσης, Δημήτριος Γ., |d 1931- |e edt | |
| 830 | 0 | |a Κοινωνιολογική & ανθρωπολογική βιβλιοθήκη Gutenberg | |
| 852 | |a INST |b RHODES |e 20050623 |h 305.5 GUR |p 005400023146 |q 005400023146 |t BK |y 0 | ||
| 901 | |a BIBL4-2005-2 | ||
| 909 | |a Ρ |b 110929 | ||
| 970 | |a ΣΙΔΕΡΗ |b ΝΕΚΤΑΡΙΑ |z 2005/06/23 | ||